| 000 | 00392nam a22001337a 4500 | ||
|---|---|---|---|
| 020 | _a0-208-01665-1 | ||
| 082 | _a027. COL'J | ||
| 100 |
_aBENNETT, G. C. K SMITH,JEFFERSON, GEORGE _975961 |
||
| 245 | _aTHE COLLEGE LIBRARY A COLLECTION OF ESSAYS | ||
| 260 |
_aLONDON _bCLIVE _c1978 |
||
| 300 | _a208P | ||
| 650 |
_aLIBRARIES UNIVERSTY AND COLLEGE ADDRESS ESSAYS LECTURES _975962 |
||
| 942 | _cBK | ||
| 999 |
_c581369 _d581369 |
||